000 00633nam a2200205 u 4500
005 20240912063838.0
008 111107s2006 r 000 0 eng d
020 _a9875453943
035 _aUPN01000182427
049 _aI
050 4 _aPZ76.3
_bB5.4
100 1 _aBlasco, Martín
245 1 0 _aCinco problemas para don Caracol /
_cMartín Blasco ; il. de Viviana Bilotti.
260 _aBuenos Aires :
_bNorma,
_c2006.
300 _a63 p. :
_bil.
440 0 _aTorre de papel roja.
_pA partir de los 7 años
650 0 _aAnimales
_vCuentos y leyendas
_9234
650 4 _aCuentos infantiles argentinos
_97466
905 _aInfantil
999 _c154530
_d154530